000 00815cab a22001935a 4500
001 L146129
008 081211s2008 xxkad f 000 0 eng d
035 _a(Sirsi) u146129
041 0 _aeng
100 1 _aBooty, Frank
245 0 0 _aFuture connectivity
260 _c2008
490 0 _aPremises and Facilities Management
_vNovember 2008, 32-33(2)
520 _aExplains how a vision of a unified physical infrastructure is emerging that will align it more to business and increase operational efficiency by managing the interdependence of building systems, factory automation and data centres. Discusses the Panduit system for doing this, highlighting its key features.
590 _aKA
651 4 _aUnited Kingdom
_y
690 _aPROPERTY-INFRASTRUCTURE-INFRASTRUCTURE FINANCE AND INVESTMENT
942 _n0
999 _c81036
_d81036